| 000 | 00332nam a22001337a 4500 | ||
|---|---|---|---|
| 003 | SGT | ||
| 020 | _a978-81-312-4471-5 | ||
| 082 |
_a610.73 _bS17K |
||
| 100 | _aKAUSHIK, ANNU | ||
| 245 | _aSAUNDERS COMPREHENSIVE REVIEW FOR THE NCLEX - RN EXAMINATION | ||
| 260 |
_aINDIA _bELSEVIER _c2017 |
||
| 300 | _a1189 | ||
| 942 |
_2ddc _cBK _019 |
||
| 999 |
_c16637 _d16637 |
||